Tiny Word Typing Challenge Quiz Stats

 Plays Quiz Updated Mar 1, 2015

Challenge
Share
Tweet
Embed
Score 0/70 Timer 01:00
6 Plays Today
Hint Little Word % Correct
????
100%
????
99.2%
????
98.6%
????
98.2%
????
97.9%
????
97.6%
????
97.4%
????
97.2%
????
97%
????
96.8%
????
96.6%
????
96.5%
????
96.3%
????
96.2%
????
96%
????
95.9%
????
95.7%
????
95.5%
????
95.3%
????
95.2%
????
95%
????
94.7%
????
94.3%
????
94%
????
93.7%
????
93.2%
????
92.8%
????
92.4%
????
91.8%
????
91.3%
????
90.6%
????
90%
????
89.4%
????
88.7%
????
87.6%
Hint Little Word % Correct
????
86.6%
????
85.3%
????
84%
????
82.5%
????
81%
????
79.2%
????
77.5%
????
75.5%
????
73.6%
????
71.6%
????
68.7%
????
66.1%
????
63.6%
????
61.1%
????
58.7%
????
55.9%
????
53%
????
49.7%
????
46%
????
43%
????
39.4%
????
36.2%
????
33.2%
????
30.1%
????
27.6%
????
24.7%
????
22.2%
????
19.5%
????
16.9%
????
14.4%
????
11.8%
????
9.9%
????
8.1%
????
6.7%
????
5.2%

You're not logged in!

Compare scores with friends on all Sporcle quizzes.
OR
Log In

You Might Also Like...

Show Comments

Extras

Top Quizzes Today


Score Distribution

Your Account Isn't Verified!

In order to create a playlist on Sporcle, you need to verify the email address you used during registration. Go to your Sporcle Settings to finish the process.

Report this User

Report this user for behavior that violates our Community Guidelines.

Details: